000 00641nam a22002057a 4500
999 _c15551
_d15551
003 AR-CdUCM
008 190425b ||||| |||| 00| 0 spa d
040 _aMUNICIPALIDAD PROVINCIAL DEL CUSCO
_cBIBLIOTECA MUNICIPAL DEL CUSCO
082 _aPI / 376.1 /
_bD66
110 _aDisney.
_933330
245 _aMickey y sus amigos :
_b¡Que buena onda, Mickey! /
260 _aMexico :
_bDisney enterprises,
_c2015.
300 _bAlmohada de tela
_c41 cm.
500 _aAlmohada didactica para niños.
650 _aAlmohada
_934127
650 _aNiños
_99390
650 _aDidactico
_927859
942 _2ddc
_cLIBROS
945 _arum1
_d2019-04-29